Reparación y puesta en marcha de las prensas hidráulicas modelo 2135-1m URSS y prensa hidráulica mecánica de los laboratorios de la facultad tecnológica de la industria UNI-RUPAP

Presenta la reparación y puesta en marcha de las prensas hidráulicas modelo 2135-1m URSS y prensa hidráulica mecánica de los laboratorios de la facultad tecnológica de la industria UNI-RUPAP en el cual se realizó la determinación de las fallas del sistema hidráulico así como la selección d...

Full description

Bibliographic Details
Main Authors: Moreno Stiven, Esteban Armando, Wilson Williams, Kirt Antonny., Guido González, Luis Mariano
Other Authors: Tutor: Rodrigo García, Jorge Alberto
Format: Tesis Section = Libro
Language:Undetermined
Spanish
Published: Managua UNI 2017
Subjects:
LEADER 01381nam a2200277Ia 4500
008 240830s9999 xx 000 0 und d
040 |a BIBLIOTECA-RUPAP Mon 621.902 M843 
041 |a spa 
082 |a Mon 621.902 M843 
100 1 |a Moreno Stiven, Esteban Armando 
100 1 |b Wilson Williams, Kirt Antonny. 
100 1 |c Guido González, Luis Mariano 
245 1 0 |a Reparación y puesta en marcha de las prensas hidráulicas modelo 2135-1m URSS y prensa hidráulica mecánica de los laboratorios de la facultad tecnológica de la industria UNI-RUPAP 
260 |a Managua  |b UNI  |c 2017 
300 |a 67 p. :il. 
500 |a Contiene anexos y CD 
502 |a Tesis (Ingeniero Mecánico)- UNI, 2017. 
520 3 |a Presenta la reparación y puesta en marcha de las prensas hidráulicas modelo 2135-1m URSS y prensa hidráulica mecánica de los laboratorios de la facultad tecnológica de la industria UNI-RUPAP en el cual se realizó la determinación de las fallas del sistema hidráulico así como la selección de los componentes adecuados para la recuperación de la prensa. 
650 7 |a MAQUINAS HERRAMIENTAS 
650 7 |b SISTEMA HIDRAULICOS 
650 7 |c PRENSA HIDRAULICA 
650 7 |d ADMINISTRACION DE MANTENIMIENTO - PREVENTIVO Y CORRECTIVO 
700 1 |a Tutor:  |b Rodrigo García, Jorge Alberto 
942 |c BK  |2 ddc 
991 |a TESIS 
999 |c 15829